Determinación , por medio de la producción y evaluación del hidrogel de hidróxido de aluminio de la dosis que presente la mayor eficiencia en la remoción de Arsénico para su implementación en las plantas potabilizadoras de agua
Đã lưu trong:
| Tác giả chính: | |
|---|---|
| Định dạng: | Sách |
| Ngôn ngữ: | Spanish |
| Được phát hành: |
San José, Costa Rica
2018
|
| Những chủ đề: | |
| Các nhãn: |
Thêm thẻ
Không có thẻ, Là người đầu tiên thẻ bản ghi này!
|
MARC
| LEADER | 00000nam a22000007a 4500 | ||
|---|---|---|---|
| 003 | 012895 | ||
| 005 | 20221231144322.0 | ||
| 008 | 180621b2018 cr a|||| m||| 00| ||spa d | ||
| 040 | |c cru CEDI | ||
| 090 | |a TFG 8046 | ||
| 100 | |9 12419 |a Benamburg Vargas, María | ||
| 245 | |a Determinación , por medio de la producción y evaluación del hidrogel de hidróxido de aluminio de la dosis que presente la mayor eficiencia en la remoción de Arsénico para su implementación en las plantas potabilizadoras de agua | ||
| 260 | |a San José, Costa Rica |c 2018 | ||
| 300 | |a xiv, 94 hojas :ilustraciones a color | ||
| 500 | |a Proyecto de graduación (licenciatura en ingeniería química)--Universidad de Costa Rica. Facultad de Ingeniería. Escuela de Ingeniería Química | ||
| 650 | |x HIDROGELES |x HIDROXIDO DE ALUMINIO |x CONTAMINACION DEL AGUA |x ARSENICO - TOXICOLOGIA |9 12420 | ||
| 942 | |c TFG | ||
| 999 | |c 20091 |d 20091 | ||
